Statistics for Top 5 cities by Population - North America #1

Click here to take the quiz!

General Stats

  • This quiz has been taken 26 times
    (24 since last reset)
  • The average score is 11 of 15

Answer Stats

HintAnswer% Correct
USAChicago
100%
USALos Angeles
100%
USANew York city
100%
USAHouston
94%
MexicoMexico city
94%
CanadaMontréal
94%
CanadaToronto
94%
CanadaOttawa
88%
CanadaCalgary
76%
CanadaEdmonton
76%
MexicoGuadalajara
76%
USAPhoenix
76%
MexicoPuebla
53%
MexicoEcatepec de Morelos
6%
MexicoIztapalapa
0%

Score Distribution

Percentile by Number Answered

Percent of People with Each Score

Your Score History

You have not taken this quiz since the last reset